Normal view MARC view
  • Socialization

Entry Topical Term

Number of records used in: 3

001 - CONTROL NUMBER

  • control field: 4355

003 - CONTROL NUMBER IDENTIFIER

  • control field: NUST

005 - DATE AND TIME OF LATEST TRANSACTION

  • control field: 20170829102610.0

008 - FIXED-LENGTH DATA ELEMENTS

  • fixed length control field: 170829|| aca||aabn | a|a d

040 ## - CATALOGING SOURCE

  • Original cataloging agency: NUST
  • Transcribing agency: NUST

150 ## - HEADING--TOPICAL TERM

  • Topical term or geographic name entry element: Socialization
  • Form subdivision: Textbooks.

670 ## - SOURCE DATA FOUND

  • Source citation: Work cat.: (NUST)0: Shaffer, David R. (David Reed), 1946- 4353, Social and personality development /, c2005.
© 2023 Central Library, National University of Sciences and Technology. All Rights Reserved.